[Event "Club Championships"]
[Site "Wellington Chess Club"]
[Date "2017.10.05"]
[Round "3.4.5"]
[White "Theodosiou, Andreas"]
[Black "Nagrecha, Prashant"]
[Result "1-0"]
[WhiteElo "1493"]
[BlackElo "899"]

1. d4 d5 2. c4 dxc4 3. e4 Nf6 4. e5 Bg4 5. f3 Bf5 6. exf6 exf6 7. Bxc4 Bb4+ 8.
Nc3 Qe7+ 9. Ne2 c6 10. O-O b5 11. Bb3 Bg6 12. Nf4 Bxc3 13. Nxg6 hxg6 14. bxc3
O-O 15. a4 b4 16. cxb4 Rd8 17. Ba3 Qd7 18. Bb2 Na6 19. Bc3 Nc7 20. Qd3 Rab8 21.
Rad1 c5 22. b5 Ne8 23. Rfe1 Rbc8 24. Re4 Nd6 25. dxc5 Rxc5 26. Rd4 Ra8 27. Rxd6
Rxc3 28. Qxc3 Qc8 29. Qxc8+ Rxc8 30. Rd8+ Rxd8 31. Rxd8+ Kh7 32. Ra8 Kh6 33.
Rxa7 Kh7 34. Rxf7 Kg8 35. b6 f5 36. b7 g5 37. b8=Q+ Kh7 38. Rxf5 Kh6 39. Qb6+
Kh5 40. Bf7+ g6 41. Qxg6+ 1-0

[Event "Club Championships"]
[Site "Wellington Chess Club"]
[Date "2017.10.05"]
[Round "3.4.7"]
[White "Proctor, Matthew"]
[Black "Asher, Bruce"]
[Result "0-1"]
[WhiteElo "1478"]
[BlackElo "1258"]

1. e4 e5 2. Nf3 Nc6 3. Bc4 Nf6 4. Ng5 d5 5. exd5 Nxd5 6. Nxf7 Kxf7 7. Qf3+ Ke8
8. Nc3 Nf6 9. d4 Nxd4 10. Qe3 Nxc2+ 11. Ke2 Nxe3 12. Bxe3 Bb4 13. Rad1 Qe7 14.
Nd5 Nxd5 15. Rxd5 Be6 0-1

[Event "Club Championships"]
[Site "Wellington Chess Club"]
[Date "2017.10.05"]
[Round "4.3.4"]
[White "Rabina, Romeo"]
[Black "Thorpe, Richard"]
[Result "1-0"]
[WhiteElo "1767"]
[BlackElo "1632"]

1. b3 e5 2. Bb2 Nc6 3. e3 d5 4. Bb5 Bd6 5. Nf3 Qf6 6. d3 Ne7 7. O-O Bg4 8. h3
Bd7 9. c4 Qg6 10. Nh4 Qf6 11. Nf3 g5 12. g4 h5 13. Nh2 hxg4 14. Nxg4 Qg6 15.
cxd5 Nxd5 16. Bxc6 Bxc6 17. Nxe5 Qe6 18. Qg4 f5 19. Qg3 Bxe5 20. Bxe5 f4 21.
exf4 gxf4 22. Bxf4 Rg8 23. Bg5 Ne7 24. f4 Qf6 25. Nd2 Qd4+ 26. Kh2 O-O-O 27.
Ne4 Nf5 28. Qf3 Qb2+ 29. Qf2 Qxf2+ 30. Nxf2 Rd4 31. Rg1 Bb5 32. Rac1 Bxd3 33.
Nxd3 Rxd3 34. Rcd1 Re3 35. Bf6 Re2+ 36. Kh1 Ng3+ 37. Rxg3 Re1+ 38. Rxe1 Rxg3
{The game continued. Both score sheets went up to about move 35, with a few
random scribblings after that, then one of the protagonists wrote "THEN A
NUMBER OF THINGS OCCOURED [sic]"} 1-0

[Event "Club Championships"]
[Site "Wellington Chess Club"]
[Date "2017.10.12"]
[Round "4.1.1"]
[White "Perry, Roger"]
[Black "Nijman, Brian"]
[Result "0-1"]
[WhiteElo "2124"]
[BlackElo "2147"]

1. d4 e6 2. e4 d5 3. e5 c5 4. c3 Bd7 5. Nf3 a6 6. a4 cxd4 7. cxd4 Nc6 8. Be2
Qb6 9. O-O Nh6 10. Na3 Na5 11. Nb1 Nf5 12. g4 Ne7 13. Nc3 Nec6 14. Rb1 Nb3 15.
Be3 Nca5 16. Ne1 Rc8 17. Nc2 Nc4 18. Qd3 Qa5 19. f4 Nxb2 20. Rxb2 Rxc3 21. Bd2
Nxd2 0-1

[Event "Club Championships"]
[Site "Wellington Chess Club"]
[Date "2017.10.12"]
[Round "4.1.2"]
[White "Dive, Russell"]
[Black "Sellen, Ian"]
[Result "1-0"]
[WhiteElo "2434"]
[BlackElo "2056"]

1. Nf3 d5 2. c4 e6 3. g3 Nf6 4. Bg2 c5 5. O-O Nc6 6. cxd5 exd5 7. d4 Be6 8. Nc3
Be7 9. b3 O-O 10. Bb2 Ne4 11. dxc5 Nxc5 12. Rc1 Rc8 13. e3 Re8 14. Ne2 Ne4 15.
Nf4 Bf6 16. Bxf6 Nxf6 17. Qe2 Qa5 18. Qb2 Rcd8 19. Rfd1 Bg4 20. h3 Bf5 21. Nd4
Nxd4 22. Rxd4 Be4 23. b4 Qb6 24. Rc5 Rc8 25. Rxc8 Rxc8 26. Nxd5 Bxd5 27. Bxd5
Nxd5 28. Rxd5 Qe6 29. Qd4 h6 30. Kg2 Re8 31. a3 Qa6 32. Qd3 Qxd3 33. Rxd3 Re7
34. Rd8+ Kh7 35. Kf3 Kg6 36. e4 f6 37. Rd5 Rc7 38. Rc5 Rd7 39. Ke3 Kf7 40. f4
b6 41. Rc8 Ke6 42. h4 Kd6 43. b5 Ke6 44. h5 Kd6 45. a4 Ke6 46. Rc6+ Ke7 47. e5
fxe5 48. fxe5 Rd5 49. Ke4 Rd1 50. Rc7+ Ke6 51. Rxa7 Re1+ 52. Kf4 Rf1+ 53. Kg4
Kxe5 54. Rxg7 Ra1 55. Rg6 Rxa4+ 56. Kh3 Rb4 57. Rxb6 Kf5 58. g4+ Kf4 59. Rf6+
Ke5 60. Rxh6 Rxb5 61. Kh4 Kf4 62. Rf6+ 1-0

[Event "Club Championships"]
[Site "Wellington Chess Club"]
[Date "2017.10.12"]
[Round "4.1.3"]
[White "Jackson, Ross"]
[Black "Timergazi, Layla"]
[Result "1/2-1/2"]
[WhiteElo "2020"]
[BlackElo "2158"]

1. d4 d5 2. c4 c6 3. Nc3 Nf6 4. Nf3 e6 5. e3 Nbd7 6. cxd5 exd5 7. Bd3 Bd6 8.
O-O O-O 9. Bd2 Re8 10. Qc2 Qe7 11. a3 Ne4 12. b4 Ndf6 13. Bc1 Nxc3 14. Qxc3 Ne4
15. Qc2 Bf5 16. Bb2 h5 17. Ne5 Bxe5 18. dxe5 Qg5 19. Rae1 1/2-1/2

[Event "Club Championships"]
[Site "Wellington Chess Club"]
[Date "2017.10.12"]
[Round "4.1.4"]
[White "Ker, Anthony"]
[Black "Nyberg, Michael"]
[Result "1-0"]
[WhiteElo "2489"]
[BlackElo "2101"]

1. e4 e6 2. d4 d5 3. e5 c5 4. c3 Bd7 5. Nf3 Nc6 6. Be2 Qb6 7. O-O Nge7 8. Na3
Nf5 9. Nc2 Rc8 10. Bd3 g6 11. Rb1 cxd4 12. cxd4 Nfxd4 13. Nfxd4 Nxe5 14. Be2
Bg7 15. Be3 Qa5 16. Bd2 Qb6 17. Bb4 a5 18. Ba3 Nc4 19. Bxc4 Rxc4 20. Nf3 Rc8
21. Re1 Ba4 22. b3 Bc6 23. Ncd4 Bf6 24. Ne5 Qc7 25. Ng4 Be7 26. Nxe6 fxe6 27.
Rxe6 Qf4 28. Rxe7+ Kd8 29. Qe1 b6 1-0

[Event "Club Championships"]
[Site "Wellington Chess Club"]
[Date "2017.10.12"]
[Round "4.2"]
[White "Mullan, Brett"]
[Black "Winfield, Alan"]
[Result "0-1"]
[WhiteElo "1923"]
[BlackElo "1957"]

1. Nf3 f5 2. d4 Nf6 3. c4 e6 4. e3 b6 5. Be2 Bb7 6. O-O Be7 7. Nc3 d6 8. Qc2
Ne4 9. Nd2 Nxc3 10. bxc3 O-O 11. Rd1 Qe8 12. Nf3 Nd7 13. d5 e5 14. Ba3 g5 15.
g3 g4 16. Ne1 Qh5 17. Ng2 Qh3 18. Bf1 Qh5 19. Qe2 Nf6 20. Ne1 Ne4 21. Rac1 Ng5
22. Bg2 e4 23. Nc2 Rf6 24. h4 Nf3+ 25. Bxf3 gxf3 26. Qf1 Qg4 27. Kh2 Rh6 28.
Qh3 Qg6 29. Nd4 Bc8 30. Rg1 f4 31. gxf4 Bxh3 32. Rxg6+ hxg6 33. Kxh3 Bxh4 34.
Kg4 Bxf2 35. Ne6 Bxe3 36. Rf1 Kf7 37. Ng5+ Ke7 38. Nxe4 f2 39. Nxf2 Rh2 40. Kf3
Bxf2 41. Rxf2 Rxf2+ 42. Kxf2 Kf6 43. Bc1 Kf5 44. Ke3 Re8+ 45. Kd3 Re1 46. Bd2
Rd1 0-1

[Event "Club Championships"]
[Site "Wellington Chess Club"]
[Date "2017.10.12"]
[Round "4.2.1"]
[White "Rossiter, Philip"]
[Black "Farrington, Lawrence"]
[Result "1-0"]
[WhiteElo "1978"]
[BlackElo "1855"]

1. d4 d5 2. c4 Nc6 3. Nf3 Bg4 4. Nc3 dxc4 5. d5 Bxf3 6. gxf3 Na5 7. Qa4+ c6 8.
dxc6 Nxc6 9. e4 e6 10. Be3 a6 11. Rd1 Qc8 12. Qxc4 Be7 13. Rg1 g6 14. Be2 Qc7
15. f4 Nf6 16. e5 Nd7 17. Bf3 Nb6 18. Qb3 Nd7 19. Ne4 O-O 20. Nd6 Rab8 21. Qc3
Qa5 22. Qxa5 Nxa5 23. a3 Nb3 24. Nxb7 Ndc5 25. Nxc5 Bxc5 26. Bxc5 Nxc5 27. b4
Na4 28. Kf1 Rfc8 29. Rd3 Rc4 30. Kg2 Rxf4 31. Rgd1 Rb6 32. Rd6 Rf5 33. Rxb6
Nxb6 34. Rd6 Nc4 35. Rxa6 Rxe5 36. a4 Rg5+ 37. Kf1 Rf5 38. Bc6 Ne3+ 39. Ke2 Nd5
40. Bxd5 Rxd5 41. b5 Kf8 42. b6 Rd6 43. b7 Rxa6 44. b8=Q+ Kg7 45. Qb5 Ra8 46.
a5 Rf8 47. a6 1-0

[Event "Club Championships"]
[Site "Wellington Chess Club"]
[Date "2017.10.12"]
[Round "4.2.2"]
[White "Stoeveken, Peter"]
[Black "Coghini, Phillip"]
[Result "0-1"]
[WhiteElo "1849"]
[BlackElo "1888"]

1. d4 d5 2. Nf3 Bf5 3. Nbd2 e6 4. c3 c6 5. Ne5 f6 6. Nef3 Bd6 7. Nh4 Ne7 8.
Nxf5 Nxf5 9. e4 Ne7 10. Qg4 Kf7 11. Bd3 h5 12. Qf3 e5 13. Qe3 Nd7 14. O-O g5
15. Nf3 Ng6 16. Qe2 Qe7 17. exd5 cxd5 18. Qc2 e4 19. Re1 Qd8 20. Bxe4 dxe4 21.
Qxe4 Kg7 22. Qxb7 Qc7 23. Qxc7 Bxc7 24. Be3 g4 25. Nd2 f5 26. f4 Rhe8 27. g3 h4
28. b4 a5 29. b5 Nf6 30. c4 hxg3 31. hxg3 Bb6 32. c5 Nd5 33. Kf2 Bd8 34. Nc4
Bf6 35. Nd6 Re6 36. Nxf5+ Kf8 37. b6 Nge7 38. Nd6 Nxe3 39. Rxe3 Bxd4 40. Nc4
Bxc5 41. Ne5 Bxe3+ 42. Kxe3 Nd5+ 43. Kd4 Nxb6 44. f5 Rd8+ 45. Ke4 Ree8 46. Rh1
Nc4 0-1

[Event "Club Championships"]
[Site "Wellington Chess Club"]
[Date "2017.10.12"]
[Round "4.2.3"]
[White "Aldridge, Alan"]
[Black "Benitez, Edgar"]
[Result "0-1"]
[WhiteElo "1936"]
[BlackElo "1809"]

1. d4 Nf6 2. c4 e6 3. Nc3 Bb4 4. a3 Bxc3+ 5. bxc3 O-O 6. Nf3 d5 7. Qc2 Nbd7 8.
Bg5 c6 9. e3 Qa5 10. Nd2 dxc4 11. Bxf6 Nxf6 12. Nxc4 Qc7 13. Be2 b5 14. Ne5 Bb7
15. Bf3 Rac8 16. O-O c5 17. Bxb7 Qxb7 18. Qd3 Rfd8 19. Rfb1 a6 20. a4 b4 21.
cxb4 cxb4 22. a5 Nd5 23. Rb3 Rc3 24. Rxc3 bxc3 25. Rb1 Qc7 26. Nc4 g6 27. g3
Rc8 28. Nb6 c2 29. Rc1 Nxb6 30. axb6 Qxb6 31. Qa3 Qb5 32. Qa1 Qd3 33. Kg2 Rc6
34. Qb2 Rc8 35. Qb7 Qc4 36. Kg1 a5 37. e4 Qc6 38. Qxc6 Rxc6 39. d5 exd5 40.
exd5 Rc3 41. Kf1 Kf8 42. Ke2 Ke7 43. Kd2 Rc5 44. Ke3 Kd6 45. Kd4 a4 0-1

[Event "Club Championships"]
[Site "Wellington Chess Club"]
[Date "2017.10.12"]
[Round "4.2.4"]
[White "Mullan, Brett"]
[Black "Barraza, Jesse"]
[Result "1-0"]
[WhiteElo "1800"]
[BlackElo "1890"]

1. e4 d6 2. d4 Nf6 3. f3 Nbd7 4. c4 e5 5. Be3 exd4 6. Bxd4 Be7 7. Ne2 c6 8.
Nbc3 Qa5 9. Qd2 Nc5 10. Nc1 Ne6 11. Nb3 Qc7 12. Be3 Bd7 13. Be2 Rd8 14. O-O g5
15. Rac1 a6 16. Nd4 Nf4 17. Bxf4 gxf4 18. Qxf4 Rg8 19. Qe3 Bh3 20. Rf2 Qb6 21.
b3 Nd7 22. f4 Bh4 23. g3 Kf8 24. Rd1 Re8 25. Kh1 Bf6 26. Na4 Qc7 27. Bf1 Bxf1
28. Rdxf1 Nc5 29. Nxc5 dxc5 30. Nf5 Qd7 31. Qxc5+ Be7 32. Nxe7 Rxe7 33. e5 Qh3
34. Rg1 h5 35. Rd2 Ke8 36. Qd6 Rd7 37. Qb8+ Ke7 38. Rxd7+ Qxd7 39. Qxg8 Qd3 40.
Qg5+ Kf8 41. h3 Qf3+ 42. Kh2 b5 43. cxb5 axb5 44. Qd8+ Kg7 45. Qd6 Kg8 46. Rg2
Kh7 47. Rd2 h4 48. Qd3+ 1-0

[Event "Club Championships"]
[Site "Wellington Chess Club"]
[Date "2017.10.12"]
[Round "4.3.1"]
[White "Thorpe, Richard"]
[Black "Sole, Michael"]
[Result "1-0"]
[WhiteElo "1727"]
[BlackElo "1632"]

1. e4 c5 2. Nf3 d6 3. d4 cxd4 4. Nxd4 Nf6 5. Nc3 a6 { B90 Sicilian Defense:
Najdorf Variation } 6. b3 Qc7 7. Bb2 e5 8. Nf5 Bxf5 9. exf5 Be7 10. Bc4 O-O 11.
Nd5 Nxd5 12. Qxd5 Qc6 13. O-O-O Qxd5 14. Bxd5 Nc6 15. f4 exf4 16. f6 gxf6 17.
Rhf1 Nb4 18. Bxb7 Rab8 19. Be4 Rb5 20. Rxf4 Rc8 21. a3 Na2+ 22. Kd2 f5 23. Rxf5
Rxf5 24. Bxf5 Rc5 25. Bd3 Bg5+ 26. Ke2 a5 27. c4 d5 28. Ra1 dxc4 29. Bxc4 a4
30. Rxa2 axb3 31. Bxb3 Rb5 32. Bc2 Rc5 33. Kd3 Rd5+ 34. Kc4 Rd2 35. Bc3 Rd7 36.
Kb5 Rc7 37. Be5 Re7 38. Bd6 Re6 39. Bc5 Re5 40. Kc4 Re8 41. a4 Rc8 42. Bf5 Rc6
43. Kb5 Rf6 44. Bd7 Bf4 45. Rf2 1-0

[Event "Club Championships"]
[Site "Wellington Chess Club"]
[Date "2017.10.12"]
[Round "4.3.4"]
[White "Wight, Joshua"]
[Black "Stracy, Don"]
[Result "1-0"]
[WhiteElo "1609"]
[BlackElo "1737"]

1. e4 c5 2. Nc3 Nc6 3. f4 g6 4. Nf3 Bg7 5. Bb5 Nd4 6. O-O e6 7. e5 Ne7 8. Nxd4
cxd4 9. Ne4 O-O 10. b3 a6 11. Be2 b5 12. Ba3 Bb7 13. d3 f6 14. exf6 Bxf6 15.
Nxf6+ Rxf6 16. Bxe7 Qxe7 17. Bf3 Bxf3 18. Qxf3 Raf8 19. Qe4 Qc5 20. Rac1 d6 21.
g3 e5 22. fxe5 Qxe5 23. Qxe5 dxe5 24. Rce1 Rxf1+ 25. Rxf1 Rc8 26. Rf2 a5 27.
Kf1 a4 28. Ke1 axb3 29. axb3 Kg7 30. Kd2 Rc6 31. Rf1 b4 32. Ra1 Kf6 33. Ra8 Rb6
34. Rc8 h5 35. Ke2 Kg5 36. Re8 Kf5 37. h3 Rc6 38. Kd2 Rb6 39. Rf8+ Kg5 40. Rc8
Rb5 41. Ke2 e4 42. dxe4 Re5 43. Kd3 h4 44. gxh4+ Kxh4 45. Rh8+ Kg5 46. Kxd4 Rb5
47. Rf8 Kh4 48. Rf3 g5 49. e5 g4 50. hxg4 Kxg4 51. Rf8 Kg5 52. e6 Rb7 53. Kd5
Kg6 54. Kd6 Kg7 55. e7 Rb6+ 56. Kc7 1-0

[Event "Club Championships"]
[Site "Wellington Chess Club"]
[Date "2017.10.12"]
[Round "4.4.2"]
[White "Konakanchi, Karthik"]
[Black "Leask, Hamish"]
[Result "0-1"]
[WhiteElo "1504"]
[BlackElo "1570"]

1. e4 d5 2. exd5 Nf6 3. Bc4 Nxd5 4. Bxd5 Qxd5 5. Nf3 Bf5 6. Nc3 Qe6+ 7. Ne2 Nc6
8. d3 O-O-O 9. O-O g6 10. Re1 Qd7 11. Be3 Bg7 12. d4 e5 13. c3 Bg4 14. dxe5
Bxf3 15. Qxd7+ Rxd7 16. gxf3 Nxe5 17. Nd4 c5 18. Bf4 Nd3 19. Ne2 Nxe1 20. Rxe1
Re8 21. Kf1 Be5 22. Bg3 Bxg3 23. fxg3 Rd2 24. b4 Rxa2 25. bxc5 a5 26. h4 Re3
27. f4 Kc7 28. Kf2 Rxc3 29. Kf1 Re3 30. Nc1 Rxe1+ 31. Kxe1 Ra1 32. Kd2 Rxc1 33.
Kxc1 Kc6 34. Kb2 Kxc5 35. Ka3 f5 36. Ka4 b6 37. Ka3 Kd4 38. Ka4 Ke3 0-1

[Event "Club Championships"]
[Site "Wellington Chess Club"]
[Date "2017.10.12"]
[Round "4.4.3"]
[White "Benitez, Rick"]
[Black "Theodosiou, Andreas"]
[Result "1/2-1/2"]
[WhiteElo "1566"]
[BlackElo "1493"]

1. d4 Nf6 2. Nf3 g6 3. Nc3 Bg7 4. e3 d6 5. h3 O-O 6. Bc4 c6 7. Bd2 d5 8. Bb3
Nbd7 9. Qe2 c5 10. a3 c4 11. Ba2 Re8 12. O-O-O a6 13. g4 b5 14. g5 Ne4 15. Nxd5
Bb7 16. Nc3 e5 17. Nxe4 Bxe4 18. Bc3 Bxf3 19. Qxf3 Qxg5 20. Kb1 e4 21. Qg4 Qd5
22. h4 h5 23. Qg3 a5 24. Rhg1 Kh7 25. Qh2 Ra6 26. Rg5 f5 27. Qc7 Rea8 (27...
Be5 $1) 28. a4 Rc6 29. Qb7 Rb8 30. Qa7 b4 31. Kc1 bxc3 32. bxc3 Bf6 33. Rg2
Rcb6 34. Kd2 Bxh4 35. Bxc4 Qd6 $2 36. Rdg1 R6b7 37. Qxa5 Rb1 38. Rxg6 Qxg6 39.
Rxg6 Kxg6 40. Qd5 Nf6 41. Qf7+ Kh6 42. Bb3 Rf1 43. Qe6 Rxf2+ 44. Kd1 Rg8 45.
Kc1 Rg1+ 46. Kb2 Re2 47. Qxf5 Rxe3 48. Qc8 Rg8 49. Qc6 Rg6 50. Qc8 Be1 51. Qf8+
Kg5 52. Qc5+ Kf4 53. Qe5+ Kf3 54. Qf5+ Ke2 55. Qxg6 Bxc3+ 56. Ka2 Bxd4 57. Qg2+
Kd1 {Draw agreed?!} 1/2-1/2

[Event "Club Championships"]
[Site "Wellington Chess Club"]
[Date "2017.10.12"]
[Round "4.4.4"]
[White "Bennett, Ezra"]
[Black "Hall, Nathan"]
[Result "0-1"]
[WhiteElo "1427"]
[BlackElo "1278"]

1. d4 e6 2. Nf3 f5 3. Bf4 Nf6 4. e3 b6 5. Nc3 a6 6. h3 Bb7 7. Be2 Be7 8. a3 O-O
9. Rg1 c5 10. Bd3 Ne4 11. Nxe4 fxe4 12. Ng5 Bxg5 13. Bxg5 Qxg5 14. Bc4 b5 15.
Ba2 Bd5 16. Bxd5 Qxd5 17. Rf1 e5 18. c3 exd4 19. cxd4 cxd4 20. Qxd4 Qxd4 21.
exd4 d5 22. O-O-O Nd7 23. f3 exf3 24. Rxf3 Rxf3 25. gxf3 Rf8 26. Re1 Rxf3 27.
Re8+ Rf8 28. Re6 a5 29. Rd6 Rc8+ 30. Kd2 Nf6 31. Ke3 Rc2 0-1

[Event "Club Championships"]
[Site "Wellington Chess Club"]
[Date "2017.10.12"]
[Round "4.4.5"]
[White "Asher, Bruce"]
[Black "Zhao, Aiden"]
[Result "1-0"]
[WhiteElo "1258"]
[BlackElo "1279"]

1. e4 e5 2. Nf3 Nc6 3. Bb5 a6 4. Ba4 Bc5 5. O-O Nf6 6. Nc3 b5 7. Bb3 d6 8. d3
Bg4 9. h3 Bh5 10. Bg5 Nd4 11. g4 Nxf3+ 12. Qxf3 h6 13. Bh4 Bg6 14. Nd5 O-O 15.
Nxf6+ gxf6 16. Bxf6 Qd7 17. Qg3 Kh7 18. Qh4 Kg8 19. Qxh6 1-0

[Event "Club Championships"]
[Site "Wellington Chess Club"]
[Date "2017.10.12"]
[Round "4.4.7"]
[White "Stannard, Bobby"]
[Black "Proctor, Matthew"]
[Result "0-1"]
[WhiteElo "1369"]
[BlackElo "1478"]

1. e4 e5 2. Nf3 Nc6 3. d4 exd4 4. Nxd4 Qf6 5. Nb5 Bc5 6. Qe2 Bb6 7. N1c3 Kd8 8.
Nd5 Nd4 9. Nxf6 Nxe2 10. Bxe2 Nxf6 11. Bg5 Re8 12. Bxf6+ gxf6 13. Bd3 c6 14.
Nd6 Re7 15. O-O Kc7 16. Nf5 Re5 17. b4 d5 18. Rfe1 dxe4 19. Rxe4 Bxf5 20. Rxe5
fxe5 21. Bxf5 Rd8 22. Bxh7 Rd2 23. Rf1 Kd6 24. Kh1 Bxf2 25. a4 f6 26. Bf5 Kd5
27. c4+ Kxc4 28. Be6+ Kxb4 29. Rc1 Kxa4 30. Rb1 e4 31. h3 e3 32. Bb3+ Ka3 33.
Bc4 b5 34. Bf1 e2 35. Bxe2 Rxe2 36. Ra1+ Ra2 37. Rc1 c5 38. g3 Bxg3 39. Rc3+
Kb4 40. Rxg3 c4 41. h4 c3 42. Rg4+ Kb3 43. Rg3 f5 44. h5 Kc4 45. Rg1 c2 46. h6
Ra6 47. h7 Rh6+ 48. Kg2 Rxh7 49. Rc1 Kc3 50. Kf3 Rd7 51. Ke2 Rd2+ 52. Ke1 b4
53. Ra1 b3 54. Rc1 b2 0-1

[Event "Club Championships"]
[Site "Wellington Chess Club"]
[Date "2017.10.12"]
[Round "7.2.1"]
[White "Barraza, Jesse"]
[Black "Aldridge, Alan"]
[Result "0-1"]
[WhiteElo "1890"]
[BlackElo "1936"]

1. e4 c6 2. d4 d5 3. Nc3 dxe4 4. Nxe4 Bf5 5. Ng3 Bg6 6. h4 h6 7. Nf3 Nd7 8. Bd3
Bxd3 9. Qxd3 e6 10. Bd2 Ngf6 11. O-O-O Qc7 12. Kb1 O-O-O 13. c4 Bd6 14. Ne4
Nxe4 15. Qxe4 Nf6 16. Qc2 c5 17. Qa4 Ne4 18. Be3 Kb8 19. Rd3 cxd4 20. Nxd4 Nc5
21. Qc2 Nxd3 22. Qxd3 Be5 23. Qc3 Bxd4 24. Bxd4 f6 25. Qe3 Qa5 26. Rc1 e5 27.
Bc5 (27. Bc3) 27... b6 28. Ba3 Qd2 29. Qg3 Qd3+ 30. Qxd3 Rxd3 31. Kc2 Rhd8 (
31... Rd4) 32. Bb4 R3d4 33. b3 Rxh4 34. Bd2 Re4 35. Be3 f5 36. Re1 f4 37. Bd2
Rxe1 38. Bxe1 g6 39. Bc3 Re8 40. f3 e4 41. fxe4 Rxe4 42. Kd2 Kc7 43. Bg7 h5 44.
Bh6 Kd7 45. Kd3 Re3+ 46. Kd4 Rg3 47. Bxf4 Rxg2 48. a4 Rg4 49. Ke5 Rxf4 50. Kxf4
Kc6 51. b4 a5 0-1

[Event "Club Championships"]
[Site "Wellington Chess Club"]
[Date "2017.10.19"]
[Round "5.1.1"]
[White "Sellen, Ian"]
[Black "Ker, Anthony"]
[Result "0-1"]
[WhiteElo "2056"]
[BlackElo "2489"]

1. d4 Nf6 2. Bf4 c5 3. c3 Qb6 4. Qc2 cxd4 5. cxd4 Nc6 6. e3 d5 7. Nc3 Bf5 8.
Qd2 e6 9. Bd3 Bxd3 10. Qxd3 Qxb2 11. Rb1 Qa3 12. Nge2 Bb4 13. O-O O-O 14. Rb3
Qa5 15. Rfb1 b6 16. a3 Be7 17. h3 Rac8 18. Na2 Qa4 19. Nb4 Na5 20. Nc3 Qxb3 21.
Rxb3 Nxb3 22. Ncxd5 Nxd5 23. Nxd5 exd5 24. Qxb3 Rfd8 25. Qa4 a5 26. Qb3 Rc6 27.
Qb5 Rdc8 28. a4 Bd6 29. Qxd5 Bxf4 30. exf4 h6 31. Qd7 R6c7 32. Qd6 Rc4 33. Qd7
R8c7 34. Qd8+ Kh7 35. d5 R7c5 36. d6 Rd5 37. Qxb6 Rxa4 38. Qc7 Rxf4 39. d7 Rfd4
40. d8=Q Rxd8 41. Qxa5 R8d5 42. Qc7 Rf5 43. Qc2 g6 44. Qb3 Rd2 45. f3 Rfd5 46.
Kh2 h5 47. h4 Kg7 48. Qe3 Rc2 49. Kh3 Rdd2 50. Qe5+ Kh7 51. Qe7 Kg8 52. Qe8+
Kg7 53. Qe5+ Kf8 54. Qh8+ Ke7 55. Qe5+ Kd7 56. Qb5+ Ke6 57. Qe8+ Kf6 58. Qh8+
Kf5 59. g4+ Kf4 60. Qf6+ Ke3 61. Qe5+ Kxf3 62. Qf6+ Ke4 63. Qe7+ Kd4 64. Qd6+
Kc3 65. Qa3+ Kc4 66. Qa4+ Kd3 67. gxh5 gxh5 68. Qd7+ Ke2 69. Qe8+ Kd1 70. Kg3
Rd4 71. Qe3 Rdc4 72. Qd3+ Kc1 73. Qa3+ Rb2 74. Qe3+ Kc2 75. Qf2+ Kb3 76. Qb6+
Kc3 77. Qe3+ Kc2 78. Qf2+ Kb1 79. Qf1+ Rc1 80. Qd3+ Rcc2 81. Qf1+ Rc1 82. Qd3+
Ka2 83. Qa6+ Kb3 84. Qb5+ Kc3 85. Qe5+ Kc2 86. Qe2+ Kb1 87. Qd3+ Rcc2 88. Qf1+
Ka2 89. Qa6+ Kb3 90. Qb5+ Kc3 91. Qe5+ Kc4 92. Qe4+ Kc5 93. Qf5+ Kb6 94. Qf6+
Ka5 95. Qd8+ Rb6 96. Qd5+ Rb5 97. Qa8+ Kb4 98. Qe4+ Kb3 99. Qe7 Rc3+ 100. Kf4
Rc4+ 101. Ke3 f5 102. Qf6 f4+ 103. Kf3 Rbb4 104. Qf7 Kb2 105. Qxh5 Rb3+ 106.
Kf2 Rc2+ 107. Kf1 Kb1 108. Qf5 Kb2 109. Qxf4 Rcc3 110. Qd4 Ka2 111. Qa7+ Kb1
112. h5 Rb2 113. Qh7+ Ka1 114. Qa7+ Kb1 115. Qh7+ Kc1 116. Qe4 Rd2 117. h6 Rcc2
118. h7 $4 Rd1+ 0-1

[Event "Club Championships"]
[Site "Wellington Chess Club"]
[Date "2017.10.19"]
[Round "5.1.2"]
[White "Timergazi, Layla"]
[Black "Croad, Nicolas"]
[Result "0-1"]
[WhiteElo "2158"]
[BlackElo "2393"]

1. d4 Nf6 2. c4 e6 3. Nc3 Bb4 4. g3 c5 5. Nf3 Nc6 6. Bg2 O-O 7. O-O Bxc3 8.
bxc3 d6 9. Qc2 Qe7 10. Rd1 e5 11. dxe5 dxe5 12. Ne1 Be6 13. Bd5 Rad8 14. e4 Na5
15. Qe2 b6 16. Ng2 Bxd5 17. cxd5 Ne8 18. Nh4 Nd6 19. Qg4 Qd7 20. Nf5 Nxf5 21.
exf5 f6 22. Be3 g6 23. Rab1 Qxf5 24. Qe2 Qe4 25. Qa6 Rf7 26. Bxc5 Qc4 27. Qxc4
Nxc4 28. Rb4 Na5 29. Be3 Rc8 30. Rc1 Nc4 31. Kf1 Rd7 32. Rb5 a6 33. Rb4 Rxd5
34. Bxb6 a5 35. Rb3 Nd2+ 36. Ke2 Nxb3 0-1

[Event "Club Championships"]
[Site "Wellington Chess Club"]
[Date "2017.10.19"]
[Round "5.1.3"]
[White "Nijman, Brian"]
[Black "Dive, Russell"]
[Result "0-1"]
[WhiteElo "2147"]
[BlackElo "2434"]

1. d4 Nf6 2. Nf3 c5 3. e3 b6 4. Bd3 Bb7 5. O-O e6 6. b3 Be7 7. Bb2 O-O 8. Nbd2
Nc6 9. a3 Qc7 10. c4 cxd4 11. Nxd4 Ne5 12. Be2 a6 13. f4 Ng6 14. Bf3 Rad8 15.
Rc1 Rfe8 16. Bxb7 Qxb7 17. Qf3 Qxf3 18. Rxf3 Nh4 19. Rh3 Nf5 20. b4 a5 21. c5
axb4 22. axb4 Nd5 23. Nxf5 exf5 24. cxb6 Bxb4 25. Nc4 Bc5 26. Kf1 Nxb6 27. Ke2
Nd5 28. Kd3 Rb8 29. Bd4 Nb4+ 30. Kd2 Bxd4 31. exd4 Re4 32. Rb3 Rxf4 33. Ne3
Rxd4+ 34. Ke2 Re8 35. Kf1 g6 0-1

[Event "Club Championships"]
[Site "Wellington Chess Club"]
[Date "2017.10.19"]
[Round "5.1.4"]
[White "Nyberg, Michael"]
[Black "Jackson, Ross"]
[Result "0-1"]
[WhiteElo "2101"]
[BlackElo "2020"]

1. d4 d5 2. Nf3 c6 3. e3 Nd7 4. Bd3 Qc7 5. Nbd2 e5 6. dxe5 Nxe5 7. Nxe5 Qxe5 8.
Nf3 Qc7 9. Qe2 Nf6 10. a3 Bd6 11. c4 O-O 12. Bd2 dxc4 13. Bxc4 Ne4 14. Rd1 Bg4
15. h3 Bxf3 16. Qxf3 Nxd2 17. Rxd2 Rad8 18. Bd3 Qa5 19. Ke2 Bc7 20. Rhd1 g6 21.
g4 Qg5 22. b4 Rd6 23. Bc4 Qe7 24. Rxd6 Bxd6 25. h4 a5 26. h5 axb4 27. hxg6 hxg6
28. Qh3 Rd8 29. Qh6 Qf6 30. axb4 b5 31. Ba2 Be7 32. Rh1 Bxb4 33. Qh7+ Kf8 34.
Qh8+ Ke7 35. Qxf6+ Kxf6 36. Kf3 Rd2 37. Bb1 Bd6 38. Rh8 c5 39. Rc8 b4 40. Be4
b3 41. Rc6 Ke7 42. Rb6 b2 43. Bb1 c4 44. Ba2 c3 45. Rb7+ Kd8 0-1

[Event "Club Championships"]
[Site "Wellington Chess Club"]
[Date "2017.10.19"]
[Round "5.2.1"]
[White "Benitez, Edgar"]
[Black "Rossiter, Philip"]
[Result "0-1"]
[WhiteElo "1809"]
[BlackElo "1978"]

1. d4 e6 2. c4 Nf6 3. Nf3 Bb4+ 4. Bd2 Qe7 5. a3 Bxd2+ 6. Nbxd2 d6 7. e4 Nc6 8.
Be2 O-O 9. O-O e5 10. d5 Nd8 11. b4 b6 12. Qc2 Nb7 13. Rfe1 Bd7 14. Rac1 a5 15.
Nf1 axb4 16. axb4 Ra4 17. Rb1 Rfa8 18. Ng3 Qe8 19. Nh4 Ra3 20. Bd3 g6 21. Qd2
Qf8 22. Bf1 Ng4 23. h3 Qh6 24. Qxh6 Nxh6 25. Nf3 Bxh3 26. Nxe5 Bxg2 27. Bxg2
dxe5 28. Bh3 Rc3 29. Rec1 Raa3 30. Bd7 Rab3 31. c5 bxc5 32. Bc6 Rxc1+ 33. Rxc1
Rxb4 34. Bxb7 Rxb7 35. Rxc5 Kf8 36. Kg2 Ng4 37. f3 Nf6 38. Rc6 Ke7 39. Kh3 Nd7
40. Ne2 Nb8 41. Rc3 Kd6 42. Kg4 h6 43. Rc4 c6 44. dxc6 Nxc6 45. Ra4 Rb4 46. Ra8
f5+ 47. Kg3 fxe4 48. Rg8 Ne7 49. Rd8+ Kc7 50. Ra8 Nf5+ 51. Kf2 exf3 52. Kxf3
Rb6 53. Ke4 Re6 54. Kd5 Re7 55. Ra7+ Kd8 56. Rxe7 Kxe7 57. Kxe5 Ng7 58. Nf4 g5
59. Nd5+ Kf7 60. Ke4 Kg6 61. Kf3 h5 62. Ne7+ Kf6 63. Ng8+ Ke5 64. Ne7 g4+ 65.
Kg2 Kf4 66. Nd5+ Kg5 67. Kg3 h4+ 68. Kg2 Nf5 69. Nc3 h3+ 70. Kh2 Kh4 71. Ne2
g3+ 72. Kh1 Ne3 73. Kg1 Ng4 74. Nf4 h2+ 75. Kg2 Nf2 0-1

[Event "Club Championships"]
[Site "Wellington Chess Club"]
[Date "2017.10.19"]
[Round "5.2.2"]
[White "Farrington, Lawrence"]
[Black "Mullan, Brett"]
[Result "0-1"]
[WhiteElo "1855"]
[BlackElo "1800"]

1. e4 c5 2. c3 Nf6 3. e5 Nd5 4. d4 cxd4 5. Qxd4 e6 6. Nf3 Nc6 7. Qe4 Be7 8. Bd3
f5 9. exf6 Nxf6 10. Qe2 a6 11. Bg5 Nd5 12. Bxe7 Qxe7 13. Qe4 Qf6 14. O-O Nf4
15. Bc2 d5 16. Qe3 O-O 17. Nbd2 e5 18. Nb3 Bg4 19. Rfe1 Nxg2 20. Kxg2 Bxf3+ 21.
Kh3 Qe6+ 0-1